| 000 | 00331nam a22001457a 4500 | ||
|---|---|---|---|
| 020 | _qPB. | ||
| 040 | _cFIZZA ISHAQ | ||
| 082 |
_a645.7 _bAND |
||
| 100 |
_aCHARLI, ANDREW. _985871 |
||
| 245 |
_aFUNDAMENTAL BUILDING / _cANDREW CHARLI. |
||
| 250 | _a2nd ED. | ||
| 260 |
_aCANADA : _c2013. |
||
| 300 | _a372 P. ; | ||
| 942 |
_2ddc _cBK |
||
| 999 |
_c587143 _d587143 |
||